LEADER 01856nam a2200337 u 4500 001 000000015341 003 CaOOAMICUS 005 20070226105852.0 008 941103s1961 be u000 u lat u 035 $a10358896 040 $aPUL(R)$bita 100 1 $aDekkers, Eligius,$cO.S.B.,$d1915-1998.$0(OLS)http://pul/name/5 245 10$aClavis patrum latinorum qua in novum Corpus christianorum edendum optimas quasque scriptorum recensiones a Tertulliano ad Bedam /$ccommode recludit Eligius Dekkers, opera usus qua rem praeparavit et iuvit Aemilius Gaar vindobonensis. 250 $aEd. altera, aucta et emendata. 260 $aSteenbrugis :$b[s.n.],$c1961. 300 $axxviii, 640 p. ;$c26 cm 490 1 $aSacris erudiri : Jaarboek voor Godsdienstwetenschappen ;$v3 500 $aIncludes indexes. 650 0$aFathers of the church, Latin$xBibliography.$2//eng$0(OLS)http://pul/subject/10710 650 0$aChristian literature, Early$xLatin authors$xBibliography.$2//eng$0(OLS)http://pul/subject/10711 700 1 $aGaar, Emil.$0(OLS)http://pul/name/14122 830 0$aSacris erudiri : Jaarboek voor Godsdienstwetenschappen ;$v3.$0(OLS)http://pul/title/22008 850 $aPUL 852 $aPUL$W1$xSL Cons. Gen., Altre Classi 1$y1$m2009$j3$nBK-PRI$b $qStampati$B21474$CPULBib$Z2$F21474 $H $81 852 $aPUL$W1$xDP1 Fondo Maccarrone$y58$m1501 E 21$j21473$nBK-PRI$b $qFondi$B21473$CPULBib$Z2$F21473 $H $81 941 1 $a8 941 1 $a1 961 $aINV: 00422 -- Fondo Mons. M. Maccarrone 961 $aINV: 30017 996 $6245$aClavis patrum latinorum qua in novum Corpus christianorum edendum optimas quasque scriptorum recensiones a Tertulliano ad Bedam$9(OLS)http://pul/title/22007 996 $6260$aSteenbrugis :$b[s.n.]$9(OLS)http://pul/publisher/54654 LEADER 01417nam a2200337 u 4500 001 000000051363 003 CaOOAMICUS 005 20070226115328.0 008 000914s1990 gw u000 u grc u 020 $a3525534310 035 $a10855534 040 $aPUL$bita 041 0 $agrc$ager 130 0 $aBiblia.$pV.T.$pMachabaeorum I.$lGreco.$0(OLS)http://pul/title/69037 245 10$aMaccabaeorum liber I /$cedidit Werner Kappler. 246 35$aMaccabaeorum libri I-IV.$nFasc. 1 250 $a3., Aufl. 260 $aGöttingen :$bVandenhoeck & Ruprecht,$c1990. 300 $a146 p. ;$c24 cm 490 1 $aSeptuaginta : Vetus Testamentum Graecum ;$v9 630 04$aBiblia.$pV.T.$pMachabaeorum I.$xCritica, interpretazione, ecc.$0(OLS)http://pul/subject/21597 700 1 $aKappler, Werner.$0(OLS)http://pul/name/36902 830 0$aSeptuaginta : Vetus Testamentum Graecum ;$v9.$0(OLS)http://pul/title/267 850 $aPUL 852 $aPUL$W1$xSL Religione 1$y3$m5 R 9(1)$j68031$nBK-PRI$b $qStampati$B68031$CPULBib$Z2$F68031 $H $81 941 1 $a8 961 $aINV: 82677 996 $6020$a3525534310$9(OLS)http://pul/number/21093 996 $6245$aMaccabaeorum liber I$9(OLS)http://pul/title/69038 996 $6246$aMaccabaeorum libri I-IV.$nFasc. 1$9(OLS)http://pul/title/69039 996 $6260$aGöttingen :$bVandenhoeck & Ruprecht$9(OLS)http://pul/publisher/47973